000 00746nam a2200277Ia 4500
001 3194
005 20240113233617.0
007 ta
008 050408s1996 a g b000 u eng u
020 _a81-7033-347-4
040 _acotton College,Assam
041 _aeng
082 _a910.63
_bHu 95 Sy
100 _aHussain, Majid .
245 0 _aSystematic Agricultural Geography /
_cMajid Husain.
_hTextual Documents
250 _a1st ed. /
260 _aJaipur :
_bRawat Publications ,
_c1996.
300 _a430p. :
_bill ;
_c21 cm .
504 _aDiagram,Picture,Maps Etc
653 _aAgricultural Geography
653 _aPG-Geography
942 _2ddc
_cBK
999 _c3182
_d3182